Propuesta de diseño de un programa de mantenimiento productivo total en la planta de la empresa Plastinic
Presenta una propuesta de diseño de un programa de mantenimiento productivo total en la planta de la Empresa Plastinic, la cual evalúa la implementación del programa 5'S que aplica la empresa en la actualidad; determina la relación entre programa de mantenimiento actual que aplica la empres...
| Main Author: | |
|---|---|
| Other Authors: | |
| Format: | Tesis Section = Libro |
| Language: | Undetermined Spanish |
| Published: |
Managua
UNI
2008
|
| Subjects: |
| LEADER | 01370nam a2200253Ia 4500 | ||
|---|---|---|---|
| 008 | 240830s9999 xx 000 0 und d | ||
| 040 | |a BIBLIOTECA-RUPAP Mon 658.202 A659 | ||
| 041 | |a spa | ||
| 082 | |a Mon 658.202 A659 | ||
| 100 | 1 | |a Aragón Hernández, José Evaristo | |
| 245 | 1 | 0 | |a Propuesta de diseño de un programa de mantenimiento productivo total en la planta de la empresa Plastinic |
| 260 | |a Managua |b UNI |c 2008 | ||
| 300 | |a 126 p. :il. | ||
| 500 | |a Contiene: anexos e Incluye: CD. | ||
| 502 | |a Tesis (Ingeniero Industrial)- UNI, 2008. | ||
| 520 | 3 | |a Presenta una propuesta de diseño de un programa de mantenimiento productivo total en la planta de la Empresa Plastinic, la cual evalúa la implementación del programa 5'S que aplica la empresa en la actualidad; determina la relación entre programa de mantenimiento actual que aplica la empresa y el funcionamiento de los equipos; describe un estudio referente a los tiempos muertos para conocer la situación de la empresa; propone medidas que aumentan la eficiencia de la maquinaria. | |
| 650 | 7 | |a MANTENIMIENTO PRODUCTIVO – PLASTINIC | |
| 650 | 7 | |b FABRICACION DE EMPAQUES FLEXIBLES | |
| 650 | 7 | |c ORGANIZACION DE EMPRESA | |
| 650 | 7 | |d INSPECCION - CONTROL DEL PRODUCTO - PLASTINIC | |
| 700 | 1 | |a Tutor: |b Morgan Espinoza, Ramon Alberto | |
| 942 | |c BK |2 ddc | ||
| 991 | |a TESIS | ||
| 999 | |c 17027 | ||